Bester Spieler der Europameisterschaft - Statistiken

Allgemein
  • Dieses Quiz wurde 71 mal gespielt
    32 seit der letzten Aktualisierung
  • Das Durchschnittsergebnis liegt bei 5 aus 8
Antwortstatistiken
Jahr Nationalität Spieler % Korrekt
2008 Spanien Xavi
96%
2012 Spanien Andrés Iniesta
92%
2024 Spanien Rodri
88%
2016 Frankreich Antoine Griezmann
83%
2000 Frankreich Zinédine Zidane
83%
2020 Italien Gianluigi Donnarumma
63%
1996 Deutschland Matthias Sammer
38%
2004 Griechenland Theodōros Zagorakīs
4%
Keine übereinstimmenden Quizze gefunden
Verteilung der Resultate
Anzahl Personen mit jedem Resultat
Perzentil nach korrekt beantworteten Fragen
Ihre Resultats-Entwicklung
Sie haben dieses Quiz seit der letzten Aktualisierung nicht gespielt